000 00278nam a22001337a 4500
008 170301b xxu||||| |||| 00| 0 eng d
020 _a0397516320
041 _aeng
080 _22ND
_a61
100 _a4
101 _aSHM
245 _aTHE LUNG
_cCRYSTAL, R.G
942 _2udc
_cBK
999 _c6451
_d6451